=LDR 00000nam 2200000 4500 =001 INLIS000000000039146 =005 20130612144809 =008 ***********************************Ind** =035 ##$$0010-061300000039146 =041 ##$$a Ind =082 ##$$a 745.5 =090 ##$$a 745.5, Ins i =245 ##$$a Inspirasi souvenir, ragam kreasi berhias clay, klobat jagung, parca kain sulam dan rajut, Safni Yeti...et.al] =260 ##$$a 2010 $b Surabaya =300 ##$$a 104 hlm, ilus, 22 cm =650 ##$$a kerjainan tangan =850 ##$$a NBPNMAT